000 02123nam0a2200397 4500
001 RU\NLR\BIBL_A\012888161
005 20221006150257.0
010 _a978-5-906941-78-7
_910000
021 _aRU
_bКН-П-22-048703
_9КН-П-22-4220
035 _a(NLR Aleph) 012888161
035 _a(RuMoRGB)011155402
090 _a12542232
_c12542232
100 _a20220914d2022 u y0rusy50 ca
101 1 _arus
_ceng
102 _aRU
105 _aa z 001zy
181 0 _ai
_baxxe
182 0 _an
200 1 _aНектар преданности
_e[перевод с английского]
_e"Бхакти-расамрита-синдху" Шрилы Рупы Госвами
_fв изложении [и с предисловием] Его Божественной Милости А. Ч. Бхактиведанты Свами Прабхупады
203 _aТекст
_bвизуальный
_cнепосредственный
205 _a2-е изд., испр.
210 _aМосква
_cThe Bhaktivedanta book trust
_d2022
215 _a510 с., [8] л. цв. ил.
_cил.
_d22
300 _aНа пер. авт.: А. Ч. Бхактиведанта Свами Прабхупада
320 _aПредм.-имен. указ.: с. 488-510
330 _a"Нектар преданности" - это сжатое изложение санскритского произведения "Бхактирасамрита-синдху", написанного в середине 16-го века Шрилой Рупой Госвами, выдающимся религиозным философом, преемником Шри Чайтаньи Махапрабху
606 _aКришнаизм
_91203333
_3RU\NLR\AUTH\66487468
675 _a233
_v4
686 2 _aЭ331.8
700 1 _7ca
_8rus
_aА. Ч. Бхактиведанта Свами Прабхупада
_f1896-1977
_9245957
_3RU\NLR\AUTH\770246013
702 1 _aШрила Рупа Госвами
_4570
942 _cBOOK
980 _aNB